000
00263nam a2200109Ia 4500
001
1275921
005
20260417160437.0
008
260417s9999 xx 000 0 und d
020
_a
9786256910164
245
0
_a
Tesla
_c
Tuğba Hatun Murat
260
_b
Ketebe Çocuk
999
_c
1275921
_d
1275921